000 00315nam a22001457a 4500
008 210224b ||||| |||| 00| 0 eng d
020 _a0397446039
041 _aeng
080 _a616.15
082 _a616.15
100 _a9
101 _aHEM
245 _aClinical Hematology
_cHoffbrand,A.V
942 _2udc
_cBK
999 _c55142
_d55142